000 00596nam a2200217Ia 4500
003 0100
008 130227s9999 xx 000 0 und d
040 _cARRUPELIB
050 _aLB2806.S73 1988
100 _aStrike, Kenneth A.
245 4 _aThe ethics of school administration
260 _aNew York and London
260 _bTeachers College, Columbia University
260 _C1988
300 _axii
300 _b 137p. 24cm.
440 _aProfessional ethics in education series
650 _bRothschild family
700 _aHaller, Emil J. ; Soltis, Jonas F.
942 _2lcc
_01
999 _c1976
_d1976